00764nam a22002297a 450000500170000001000140001702000250003103500130005603700130006908200100008210000300009224500610012226000400018327000530022330000220027665000270029865000170032565000180034294200240036099900170038495201330040120100811133741.0 aENG-99700 a9788190804172c90.00 aEN-83232 bDBAD/PUB a332.4 aRaveena, E.B. Mary910940 aA text book on monetary economics /cby E.B.Mary Raveena aChennaibValarpirai Publisherc2007 a17, Salai Vinayagar Koil StreetbChennaie6000011 a160p.c21cm (pbk) aMonetary policy910941 aMoney910942 aFiscal910943 2ddccENh332.4mRAV c40977d40977 001040718NFICaDBADbDBADd2010-08-11eDBAD/PUBg90.00l0o332.4 RAVpEN-83232r2010-08-11 00:00:00t1v90.00w2010-08-11yEN